[Event "Open"]
[Site "Tallinn, EE"]
[Date "2024.12.13"]
[Round "1.4"]
[White "Kanep, Meelis"]
[Black "Koop, Vyacheslav"]
[Result "1/2-1/2"]
[Board "4"]
[WhiteFideId "4501047"]
[BlackFideId "4500644"]
[WhiteTitle "GM"]
[WhiteElo "2377"]
[BlackElo "2168"]
[WhiteTeam "EST"]
[BlackTeam "EST"]
[WhiteClock "0:00:07"]
[BlackClock "0:00:17"]
[Variant "Standard"]

1. d4 {[%clk 0:13:38]}  Nf6 {[%clk 0:15:05]} 2. Bg5 {[%clk 0:13:36]}  Ne4 {[%clk 0:14:46]} 3. h4 {[%clk 0:13:36]}  c5 {[%clk 0:14:18]} 4. dxc5 {[%clk 0:13:36]}  Qa5+ {[%clk 0:12:15]} 5. Nd2 {[%clk 0:13:34]}  Nxd2 {[%clk 0:08:55]} 6. Qxd2 {[%clk 0:13:30]}  Qxc5 {[%clk 0:08:45]} 7. e4 {[%clk 0:13:19]}  Nc6 {[%clk 0:08:36]} 8. Ne2 {[%clk 0:12:28]}  e6 {[%clk 0:07:33]} 9. Nc3 {[%clk 0:11:12]}  Be7 {[%clk 0:05:54]} 10. Bxe7 {[%clk 0:10:20]}  Nxe7 {[%clk 0:05:28]} 11. O-O-O {[%clk 0:09:47]}  O-O {[%clk 0:05:13]} 12. h5 {[%clk 0:09:25]}  h6 {[%clk 0:05:08]} 13. f4 {[%clk 0:09:12]}  d5 {[%clk 0:03:48]} 14. exd5 {[%clk 0:08:33]}  exd5 {[%clk 0:03:48]} 15. Nxd5 {[%clk 0:07:38]}  Bf5 {[%clk 0:03:28]} 16. Qc3 {[%clk 0:04:30]}  Qd6 {[%clk 0:02:55]} 17. Qe5 {[%clk 0:03:55]}  Qxe5 {[%clk 0:02:25]} 18. fxe5 {[%clk 0:03:56]}  Nc6 {[%clk 0:02:12]} 19. Bb5 {[%clk 0:03:29]}  Be4 {[%clk 0:01:42]} 20. Bxc6 {[%clk 0:02:55]}  bxc6 {[%clk 0:01:43]} 21. Nc3 {[%clk 0:01:00]}  Bxg2 {[%clk 0:01:17]} 22. Rh2 {[%clk 0:01:01]}  Bf3 {[%clk 0:01:08]} 23. Rf1 {[%clk 0:00:51]}  Bg4 {[%clk 0:00:24]} 24. Rf4 {[%clk 0:00:49]}  Be6 {[%clk 0:00:24]} 25. Ne4 {[%clk 0:00:34]}  Rad8 {[%clk 0:00:17]} 26. Nc3 {[%clk 0:00:16]}  Rd7 {[%clk 0:00:13]} 27. b3 {[%clk 0:00:17]}  Rfd8 {[%clk 0:00:14]} 28. Rg2 {[%clk 0:00:09]}  Kh7 {[%clk 0:00:13]} 29. Rf3 {[%clk 0:00:09]}  Bd5 {[%clk 0:00:11]} 30. Nxd5 {[%clk 0:00:09]}  cxd5 {[%clk 0:00:13]} 31. Rfg3 {[%clk 0:00:08]}  Rg8 {[%clk 0:00:15]} 32. Kb2 {[%clk 0:00:08]}  Re7 {[%clk 0:00:17]} 33. Re2 {[%clk 0:00:08]}  Rge8 {[%clk 0:00:19]} 34. Rge3 {[%clk 0:00:09]}  g6 {[%clk 0:00:19]} 35. hxg6+ {[%clk 0:00:10]}  fxg6 {[%clk 0:00:21]} 36. e6 {[%clk 0:00:10]}  g5 {[%clk 0:00:23]} 37. Kc3 {[%clk 0:00:10]}  Kg6 {[%clk 0:00:22]} 38. Kd4 {[%clk 0:00:12]}  Rd8 {[%clk 0:00:23]} 39. Rf2 {[%clk 0:00:09]}  Rd6 {[%clk 0:00:22]} 40. Rfe2 {[%clk 0:00:11]}  h5 {[%clk 0:00:22]} 41. Re5 {[%clk 0:00:12]}  g4 {[%clk 0:00:22]} 42. Kc5 {[%clk 0:00:11]}  Rd8 {[%clk 0:00:23]} 43. Rxd5 {[%clk 0:00:11]}  Rde8 {[%clk 0:00:22]} 44. Kd6 {[%clk 0:00:10]}  Rh7 {[%clk 0:00:21]} 45. Ree5 {[%clk 0:00:11]}  Rd8+ {[%clk 0:00:19]} 46. Kc5 {[%clk 0:00:11]}  Re8 {[%clk 0:00:20]} 47. Kd6 {[%clk 0:00:06]}  Rd8+ {[%clk 0:00:20]} 48. Kc5 {[%clk 0:00:08]}  Re8 {[%clk 0:00:22]} 49. e7 {[%clk 0:00:06]}  Kf6 {[%clk 0:00:19]} 50. Rf5+ {[%clk 0:00:06]}  Kxe7 {[%clk 0:00:19]} 51. Rxh5 {[%clk 0:00:05]}  Rxh5 {[%clk 0:00:17]} 52. Rxh5 {[%clk 0:00:07]}  Rc8+ {[%clk 0:00:11]} 53. Kb5 {[%clk 0:00:08]}  Rxc2 {[%clk 0:00:13]} 54. Rg5 {[%clk 0:00:07]}  Rxa2 {[%clk 0:00:11]} 55. Rxg4 {[%clk 0:00:08]}  Kd6 {[%clk 0:00:11]} 56. Rg7 {[%clk 0:00:09]}  Ra3 {[%clk 0:00:11]} 57. b4 {[%clk 0:00:10]}  Ra1 {[%clk 0:00:10]} 58. Rh7 {[%clk 0:00:10]}  Ra2 {[%clk 0:00:12]} 59. Rh6+ {[%clk 0:00:07]}  Kc7 {[%clk 0:00:13]} 60. Rh7+ {[%clk 0:00:08]}  Kd6 {[%clk 0:00:15]} 61. Rh6+ {[%clk 0:00:07]}  Kc7 {[%clk 0:00:17]} 1/2-1/2

[Event "Open"]
[Site "Tallinn, EE"]
[Date "2024.12.13"]
[Round "1.5"]
[White "Koop, Vyacheslav"]
[Black "Kanep, Meelis"]
[Result "0-1"]
[Board "4"]
[WhiteFideId "4500644"]
[BlackFideId "4501047"]
[BlackTitle "GM"]
[WhiteElo "2168"]
[BlackElo "2377"]
[WhiteTeam "EST"]
[BlackTeam "EST"]
[WhiteClock "0:03:02"]
[BlackClock "0:00:05"]
[Variant "Standard"]

1. e4 {[%clk 0:03:03]}  c5 {[%clk 0:03:03]} 2. Nf3 {[%clk 0:03:05]}  Nc6 {[%clk 0:03:04]} 3. d4 {[%clk 0:03:06]}  cxd4 {[%clk 0:03:04]} 4. Nxd4 {[%clk 0:03:07]}  Nf6 {[%clk 0:03:03]} 5. Nc3 {[%clk 0:03:08]}  d6 {[%clk 0:03:04]} 6. Be3 {[%clk 0:02:48]}  e5 {[%clk 0:02:23]} 7. Nb3 {[%clk 0:02:21]}  Be7 {[%clk 0:02:22]} 8. f3 {[%clk 0:01:49]}  O-O {[%clk 0:02:14]} 9. Qd2 {[%clk 0:01:50]}  a5 {[%clk 0:02:06]} 10. Bb5 {[%clk 0:01:24]}  Be6 {[%clk 0:02:03]} 11. Rd1 {[%clk 0:00:50]}  Na7 {[%clk 0:01:41]} 12. Be2 {[%clk 0:00:33]}  Nc6 {[%clk 0:01:41]} 13. O-O {[%clk 0:00:26]}  a4 {[%clk 0:01:33]} 14. Nc1 {[%clk 0:00:25]}  Na5 {[%clk 0:01:08]} 15. Nd5 {[%clk 0:00:19]}  Bxd5 {[%clk 0:00:51]} 16. exd5 {[%clk 0:00:21]}  Qc7 {[%clk 0:00:47]} 17. b3 {[%clk 0:00:20]}  axb3 {[%clk 0:00:41]} 18. axb3 {[%clk 0:00:21]}  b6 {[%clk 0:00:39]} 19. c4 {[%clk 0:00:20]}  Nd7 {[%clk 0:00:25]} 20. Qc3 {[%clk 0:00:16]}  Rac8 {[%clk 0:00:21]} 21. Nd3 {[%clk 0:00:13]}  f5 {[%clk 0:00:19]} 22. Nb4 {[%clk 0:00:12]}  Bf6 {[%clk 0:00:17]} 23. Qc2 {[%clk 0:00:08]}  g6 {[%clk 0:00:17]} 24. Kh1 {[%clk 0:00:09]}  Nc5 {[%clk 0:00:16]} 25. Bxc5 {[%clk 0:00:08]}  bxc5 {[%clk 0:00:13]} 26. Nd3 {[%clk 0:00:09]}  Rb8 {[%clk 0:00:11]} 27. Rb1 {[%clk 0:00:10]}  Rb7 {[%clk 0:00:06]} 28. Nc1 {[%clk 0:00:10]}  Rfb8 {[%clk 0:00:05]} 29. Bd1 {[%clk 0:00:11]}  Rb6 {[%clk 0:00:05]} 30. Qd3 {[%clk 0:00:12]}  Nb7 {[%clk 0:00:06]} 31. Bc2 {[%clk 0:00:09]}  Nd8 {[%clk 0:00:04]} 32. Qe2 {[%clk 0:00:10]}  Nf7 {[%clk 0:00:05]} 33. Ra1 {[%clk 0:00:09]}  Qd8 {[%clk 0:00:04]} 34. Ra7 {[%clk 0:00:08]}  R6b7 {[%clk 0:00:05]} 35. Rxb7 {[%clk 0:00:09]}  Rxb7 {[%clk 0:00:07]} 36. Nd3 {[%clk 0:00:09]}  Qa8 {[%clk 0:00:07]} 37. Qd1 {[%clk 0:00:08]}  Qa5 {[%clk 0:00:08]} 38. Nf2 {[%clk 0:00:08]}  Bg5 {[%clk 0:00:08]} 39. Nh3 {[%clk 0:00:08]}  Bh6 {[%clk 0:00:09]} 40. Qa1 {[%clk 0:00:07]}  Ra7 {[%clk 0:00:08]} 41. Qb1 {[%clk 0:00:07]}  Qc3 {[%clk 0:00:08]} 42. Nf2 {[%clk 0:00:06]}  Bg7 {[%clk 0:00:07]} 43. Nd1 {[%clk 0:00:06]}  Qd2 {[%clk 0:00:07]} 44. Nb2 {[%clk 0:00:05]}  Qb4 {[%clk 0:00:07]} 45. Na4 {[%clk 0:00:05]}  Bh6 {[%clk 0:00:07]} 46. Qd1 {[%clk 0:00:06]}  Ra8 {[%clk 0:00:06]} 47. Qd3 {[%clk 0:00:07]}  Bg7 {[%clk 0:00:06]} 48. Qd1 {[%clk 0:00:08]}  Rb8 {[%clk 0:00:07]} 49. Qd3 {[%clk 0:00:09]}  Bh6 {[%clk 0:00:08]} 50. Qd1 {[%clk 0:00:10]}  Bg7 {[%clk 0:00:09]} 51. Qd3 {[%clk 0:00:12]}  Bf6 {[%clk 0:00:10]} 52. Qd1 {[%clk 0:00:13]}  h5 {[%clk 0:00:11]} 53. Qd3 {[%clk 0:00:14]}  Kg7 {[%clk 0:00:12]} 54. g4 {[%clk 0:00:15]}  hxg4 {[%clk 0:00:09]} 55. fxg4 {[%clk 0:00:16]}  Nh6 {[%clk 0:00:08]} 56. Rg1 {[%clk 0:00:15]}  e4 {[%clk 0:00:08]} 57. Qe2 {[%clk 0:00:15]}  Nxg4 {[%clk 0:00:08]} 58. Bxe4 {[%clk 0:00:12]}  Re8 {[%clk 0:00:09]} 59. Rxg4 {[%clk 0:00:13]}  fxg4 {[%clk 0:00:07]} 60. Kg2 {[%clk 0:00:13]}  Re5 {[%clk 0:00:07]} 61. Qd3 {[%clk 0:00:12]}  Qa3 {[%clk 0:00:06]} 62. Bxg6 {[%clk 0:00:11]}  Qa2+ {[%clk 0:00:07]} 63. Kg3 {[%clk 0:00:11]}  Re1 {[%clk 0:00:07]} 64. Be4 {[%clk 0:03:02]}  Be5+ {[%clk 0:00:05]} 0-1

[Event "Open"]
[Site "Tallinn, EE"]
[Date "2024.12.13"]
[Round "1.6"]
[White "Kanep, Meelis"]
[Black "Koop, Vyacheslav"]
[Result "1-0"]
[Board "4"]
[WhiteFideId "4501047"]
[BlackFideId "4500644"]
[WhiteTitle "GM"]
[WhiteElo "2377"]
[BlackElo "2168"]
[WhiteTeam "EST"]
[BlackTeam "EST"]
[WhiteClock "0:00:26"]
[BlackClock "0:00:18"]
[Variant "Standard"]

1. d4 {[%clk 0:03:02]}  Nf6 {[%clk 0:03:04]} 2. c4 {[%clk 0:03:03]}  g6 {[%clk 0:03:04]} 3. Nc3 {[%clk 0:03:03]}  Bg7 {[%clk 0:02:59]} 4. e4 {[%clk 0:03:03]}  d6 {[%clk 0:03:00]} 5. f3 {[%clk 0:03:00]}  O-O {[%clk 0:02:56]} 6. Nge2 {[%clk 0:02:58]}  e5 {[%clk 0:02:45]} 7. d5 {[%clk 0:02:55]}  Nbd7 {[%clk 0:02:40]} 8. Be3 {[%clk 0:02:54]}  a5 {[%clk 0:02:41]} 9. Qd2 {[%clk 0:02:43]}  b6 {[%clk 0:02:39]} 10. g4 {[%clk 0:02:38]}  Nc5 {[%clk 0:02:39]} 11. Ng3 {[%clk 0:02:32]}  Ne8 {[%clk 0:02:08]} 12. h4 {[%clk 0:02:29]}  f5 {[%clk 0:02:05]} 13. gxf5 {[%clk 0:02:21]}  gxf5 {[%clk 0:02:06]} 14. Bg5 {[%clk 0:02:06]}  Nf6 {[%clk 0:02:02]} 15. exf5 {[%clk 0:01:43]}  Qe8 {[%clk 0:01:36]} 16. h5 {[%clk 0:01:29]}  e4 {[%clk 0:01:30]} 17. O-O-O {[%clk 0:01:16]}  exf3 {[%clk 0:01:00]} 18. h6 {[%clk 0:01:17]}  Bh8 {[%clk 0:01:00]} 19. Rg1 {[%clk 0:01:13]}  Kf7 {[%clk 0:00:47]} 20. Bh3 {[%clk 0:01:02]}  Nfe4 {[%clk 0:00:23]} 21. Ngxe4 {[%clk 0:00:57]}  Nxe4 {[%clk 0:00:24]} 22. Nxe4 {[%clk 0:00:50]}  Qxe4 {[%clk 0:00:26]} 23. Rge1 {[%clk 0:00:42]}  Qxc4+ {[%clk 0:00:26]} 24. Kb1 {[%clk 0:00:42]}  Bf6 {[%clk 0:00:23]} 25. Rc1 {[%clk 0:00:33]}  Qb5 {[%clk 0:00:19]} 26. Bxf6 {[%clk 0:00:28]}  Kxf6 {[%clk 0:00:18]} 27. Qd4+ {[%clk 0:00:26]} 1-0

[Event "Open"]
[Site "Tallinn, EE"]
[Date "2024.12.12"]
[Round "1.1"]
[White "Krivenko, Dion"]
[Black "Schults, Olev"]
[Result "1-0"]
[Board "5"]
[WhiteFideId "4508378"]
[BlackFideId "4500849"]
[WhiteTitle "FM"]
[BlackTitle "FM"]
[WhiteElo "2269"]
[BlackElo "2201"]
[WhiteTeam "EST"]
[BlackTeam "EST"]
[WhiteClock "0:08:03"]
[BlackClock "0:07:32"]
[Variant "Standard"]

1. e4 {[%clk 1:30:57]}  c5 {[%clk 1:30:52]} 2. Nf3 {[%clk 1:31:19]}  Nc6 {[%clk 1:31:18]} 3. Bb5 {[%clk 1:31:42]}  e6 {[%clk 1:31:39]} 4. O-O {[%clk 1:32:06]}  Nge7 {[%clk 1:32:05]} 5. d4 {[%clk 1:32:24]}  cxd4 {[%clk 1:31:57]} 6. Nxd4 {[%clk 1:32:44]}  Nxd4 {[%clk 1:15:40]} 7. Qxd4 {[%clk 1:32:58]}  a6 {[%clk 1:16:06]} 8. Be2 {[%clk 1:31:24]}  Nc6 {[%clk 1:13:31]} 9. Qe3 {[%clk 1:26:30]}  Be7 {[%clk 1:10:53]} 10. c4 {[%clk 1:24:38]}  d6 {[%clk 1:04:48]} 11. Nc3 {[%clk 1:24:10]}  O-O {[%clk 1:03:39]} 12. Rd1 {[%clk 1:19:56]}  Qc7 {[%clk 1:02:17]} 13. Qg3 {[%clk 1:15:47]}  Rd8 {[%clk 1:01:34]} 14. c5 {[%clk 0:57:25]}  b6 {[%clk 0:54:33]} 15. Bh6 {[%clk 0:40:20]}  g6 {[%clk 0:48:57]} 16. cxb6 {[%clk 0:30:44]}  Qxb6 {[%clk 0:49:03]} 17. b3 {[%clk 0:29:43]}  Bd7 {[%clk 0:36:28]} 18. Be3 {[%clk 0:21:12]}  Qb7 {[%clk 0:35:17]} 19. Bf4 {[%clk 0:17:08]}  e5 {[%clk 0:30:21]} 20. Be3 {[%clk 0:17:27]}  Be6 {[%clk 0:28:00]} 21. Bc4 {[%clk 0:16:04]}  Nb4 {[%clk 0:16:42]} 22. Rac1 {[%clk 0:11:41]}  d5 {[%clk 0:10:41]} 23. exd5 {[%clk 0:09:11]}  Bxd5 {[%clk 0:07:06]} 24. Nxd5 {[%clk 0:09:15]}  Nxd5 {[%clk 0:07:32]} 25. Qf3 {[%clk 0:08:03]} 1-0

[Event "Open"]
[Site "Tallinn, EE"]
[Date "2024.12.13"]
[Round "1.2"]
[White "Schults, Olev"]
[Black "Krivenko, Dion"]
[Result "0-1"]
[Board "5"]
[WhiteFideId "4500849"]
[BlackFideId "4508378"]
[WhiteTitle "FM"]
[BlackTitle "FM"]
[WhiteElo "2201"]
[BlackElo "2269"]
[WhiteTeam "EST"]
[BlackTeam "EST"]
[WhiteClock "0:01:41"]
[BlackClock "0:11:59"]
[Variant "Standard"]

1. e4 {[%clk 1:30:58]}  c5 {[%clk 1:30:31]} 2. Nf3 {[%clk 1:31:23]}  e6 {[%clk 1:30:57]} 3. d4 {[%clk 1:31:40]}  cxd4 {[%clk 1:31:20]} 4. Nxd4 {[%clk 1:32:09]}  Nf6 {[%clk 1:31:43]} 5. Nd2 {[%clk 1:31:00]}  d6 {[%clk 1:29:35]} 6. Bd3 {[%clk 1:30:57]}  Nc6 {[%clk 1:27:54]} 7. Nxc6 {[%clk 1:30:56]}  bxc6 {[%clk 1:28:18]} 8. b3 {[%clk 1:28:21]}  d5 {[%clk 1:23:27]} 9. Bb2 {[%clk 1:23:15]}  Be7 {[%clk 1:20:22]} 10. Qe2 {[%clk 1:22:29]}  a5 {[%clk 1:18:12]} 11. a4 {[%clk 1:22:14]}  Qb6 {[%clk 1:04:36]} 12. g4 {[%clk 1:15:53]}  Ba6 {[%clk 0:58:36]} 13. exd5 {[%clk 0:54:21]}  cxd5 {[%clk 0:50:04]} 14. g5 {[%clk 0:48:17]}  Nd7 {[%clk 0:45:53]} 15. h4 {[%clk 0:43:48]}  Bxd3 {[%clk 0:40:05]} 16. Qxd3 {[%clk 0:42:34]}  O-O {[%clk 0:39:25]} 17. O-O {[%clk 0:36:35]}  f6 {[%clk 0:31:21]} 18. Bd4 {[%clk 0:31:45]}  Bc5 {[%clk 0:28:32]} 19. Bxc5 {[%clk 0:28:36]}  Qxc5 {[%clk 0:27:56]} 20. Nf3 {[%clk 0:27:46]}  Ne5 {[%clk 0:26:43]} 21. Nxe5 {[%clk 0:28:08]}  fxe5 {[%clk 0:27:08]} 22. Rae1 {[%clk 0:27:50]}  e4 {[%clk 0:26:05]} 23. Qh3 {[%clk 0:27:23]}  Rf5 {[%clk 0:25:02]} 24. Re2 {[%clk 0:21:42]}  Raf8 {[%clk 0:25:02]} 25. Qe3 {[%clk 0:13:40]}  Qc7 {[%clk 0:20:36]} 26. Qh3 {[%clk 0:10:42]}  Qe5 {[%clk 0:20:14]} 27. Re3 {[%clk 0:08:51]}  d4 {[%clk 0:17:49]} 28. Re2 {[%clk 0:05:55]}  Rf3 {[%clk 0:16:44]} 29. Qh2 {[%clk 0:04:06]}  R8f4 {[%clk 0:16:38]} 30. Rfe1 {[%clk 0:03:03]}  Qf5 {[%clk 0:12:18]} 31. Rxe4 {[%clk 0:01:12]}  Qg4+ {[%clk 0:11:50]} 32. Kf1 {[%clk 0:01:41]}  Rxe4 {[%clk 0:11:59]} 0-1

[Event "Open"]
[Site "Tallinn, EE"]
[Date "2024.12.12"]
[Round "1.1"]
[White "Timoshin, Andrei"]
[Black "Haitin, Ilja"]
[Result "1-0"]
[Board "6"]
[WhiteFideId "4503503"]
[BlackFideId "4501764"]
[BlackTitle "FM"]
[WhiteElo "2207"]
[BlackElo "2248"]
[WhiteTeam "EST"]
[BlackTeam "EST"]
[WhiteClock "0:04:37"]
[BlackClock "0:00:32"]
[Variant "Standard"]

1. d4 {[%clk 1:30:57]}  d5 {[%clk 1:30:53]} 2. c4 {[%clk 1:31:13]}  e6 {[%clk 1:31:17]} 3. Nc3 {[%clk 1:31:33]}  Nf6 {[%clk 1:31:39]} 4. cxd5 {[%clk 1:31:42]}  exd5 {[%clk 1:32:05]} 5. Bg5 {[%clk 1:31:37]}  c6 {[%clk 1:32:28]} 6. e3 {[%clk 1:31:57]}  Bf5 {[%clk 1:32:53]} 7. Qf3 {[%clk 1:32:16]}  Bg6 {[%clk 1:33:19]} 8. Bxf6 {[%clk 1:32:36]}  Qxf6 {[%clk 1:33:45]} 9. Qxf6 {[%clk 1:32:56]}  gxf6 {[%clk 1:34:14]} 10. h4 {[%clk 1:33:11]}  h5 {[%clk 1:34:35]} 11. Nh3 {[%clk 1:33:29]}  Bd6 {[%clk 1:34:32]} 12. g3 {[%clk 1:33:47]}  Nd7 {[%clk 1:33:50]} 13. Nf4 {[%clk 1:34:05]}  Nb6 {[%clk 1:32:01]} 14. f3 {[%clk 1:33:35]}  a5 {[%clk 1:29:31]} 15. Kf2 {[%clk 1:33:53]}  a4 {[%clk 1:28:41]} 16. a3 {[%clk 1:34:20]}  Bc2 {[%clk 1:26:27]} 17. Re1 {[%clk 1:26:46]}  O-O-O {[%clk 1:23:49]} 18. Rc1 {[%clk 1:21:58]}  Bb3 {[%clk 1:23:03]} 19. Bd3 {[%clk 1:20:57]}  Kb8 {[%clk 1:22:41]} 20. Rhe1 {[%clk 0:59:11]}  Bc7 {[%clk 1:16:31]} 21. Rh1 {[%clk 0:39:05]}  Nc8 {[%clk 1:09:25]} 22. Rcg1 {[%clk 0:32:09]}  Rdg8 {[%clk 1:02:36]} 23. g4 {[%clk 0:27:23]}  hxg4 {[%clk 1:02:23]} 24. Rxg4 {[%clk 0:25:58]}  Rxg4 {[%clk 1:00:17]} 25. fxg4 {[%clk 0:26:26]}  Nd6 {[%clk 0:59:35]} 26. h5 {[%clk 0:25:35]}  Rh6 {[%clk 0:56:21]} 27. Nce2 {[%clk 0:21:53]}  b6 {[%clk 0:50:33]} 28. Rc1 {[%clk 0:18:01]}  Kb7 {[%clk 0:44:56]} 29. Ng3 {[%clk 0:17:53]}  Rh8 {[%clk 0:44:12]} 30. Nf5 {[%clk 0:16:00]}  Nxf5 {[%clk 0:44:15]} 31. Bxf5 {[%clk 0:16:27]}  Bd6 {[%clk 0:43:54]} 32. Kf3 {[%clk 0:14:25]}  Bf8 {[%clk 0:42:57]} 33. Bd7 {[%clk 0:11:29]}  Bc4 {[%clk 0:39:33]} 34. e4 {[%clk 0:02:08]}  Bh6 {[%clk 0:36:51]} 35. exd5 {[%clk 0:01:29]}  Bxd5+ {[%clk 0:33:06]} 36. Kg3 {[%clk 0:01:58]}  Rd8 {[%clk 0:32:13]} 37. Bf5 {[%clk 0:02:26]}  b5 {[%clk 0:28:19]} 38. Rd1 {[%clk 0:00:35]}  Bb3 {[%clk 0:20:07]} 39. Rd2 {[%clk 0:01:02]}  Re8 {[%clk 0:19:00]} 40. Rf2 {[%clk 0:16:29]}  Rd8 {[%clk 0:31:58]} 41. Rd2 {[%clk 0:15:25]}  c5 {[%clk 0:27:16]} 42. d5 {[%clk 0:13:56]}  Kc7 {[%clk 0:27:10]} 43. Bc2 {[%clk 0:05:51]}  Kd6 {[%clk 0:24:57]} 44. Bxb3 {[%clk 0:05:22]}  axb3 {[%clk 0:25:15]} 45. Rf2 {[%clk 0:05:28]}  Re8 {[%clk 0:16:37]} 46. Ne2 {[%clk 0:05:24]}  Re3+ {[%clk 0:15:02]} 47. Kg2 {[%clk 0:05:34]}  Kxd5 {[%clk 0:12:16]} 48. Rf5+ {[%clk 0:04:40]}  Kc4 {[%clk 0:07:43]} 49. Kf2 {[%clk 0:05:07]}  Kd3 {[%clk 0:05:54]} 50. Rd5+ {[%clk 0:05:34]}  Kc2 {[%clk 0:05:37]} 51. g5 {[%clk 0:06:03]}  Rxe2 {[%clk 0:02:57]} 52. Kxe2 {[%clk 0:06:28]}  fxg5 {[%clk 0:03:16]} 53. Rxc5+ {[%clk 0:05:28]}  Kxb2 {[%clk 0:03:35]} 54. Rxb5 {[%clk 0:05:34]}  Kxa3 {[%clk 0:03:19]} 55. Kd3 {[%clk 0:05:58]}  b2 {[%clk 0:00:36]} 56. Kc2 {[%clk 0:06:03]}  Bg7 {[%clk 0:00:33]} 57. Rxg5 {[%clk 0:06:04]}  Bd4 {[%clk 0:00:33]} 58. h6 {[%clk 0:04:25]}  Be3 {[%clk 0:00:32]} 59. h7 {[%clk 0:04:37]} 1-0

[Event "Open"]
[Site "Tallinn, EE"]
[Date "2024.12.13"]
[Round "1.2"]
[White "Haitin, Ilja"]
[Black "Timoshin, Andrei"]
[Result "1/2-1/2"]
[Board "6"]
[WhiteFideId "4501764"]
[BlackFideId "4503503"]
[WhiteTitle "FM"]
[WhiteElo "2248"]
[BlackElo "2207"]
[WhiteTeam "EST"]
[BlackTeam "EST"]
[WhiteClock "0:02:10"]
[BlackClock "0:12:54"]
[Variant "Standard"]

1. d4 {[%clk 1:27:44]}  d5 {[%clk 1:30:46]} 2. c4 {[%clk 1:28:11]}  e6 {[%clk 1:31:11]} 3. cxd5 {[%clk 1:28:38]}  exd5 {[%clk 1:31:35]} 4. Nc3 {[%clk 1:29:03]}  c6 {[%clk 1:31:58]} 5. Bf4 {[%clk 1:29:29]}  Bd6 {[%clk 1:32:22]} 6. Bxd6 {[%clk 1:29:49]}  Qxd6 {[%clk 1:32:50]} 7. e3 {[%clk 1:30:11]}  Bf5 {[%clk 1:33:13]} 8. g4 {[%clk 1:27:26]}  Bg6 {[%clk 1:29:39]} 9. Nh3 {[%clk 1:26:27]}  Nf6 {[%clk 0:52:27]} 10. Nf4 {[%clk 1:25:46]}  Ne4 {[%clk 0:51:41]} 11. f3 {[%clk 1:23:05]}  Nxc3 {[%clk 0:50:38]} 12. bxc3 {[%clk 1:23:32]}  Qe7 {[%clk 0:50:06]} 13. Qd2 {[%clk 1:23:04]}  Nd7 {[%clk 0:42:21]} 14. h4 {[%clk 1:22:22]}  h6 {[%clk 0:42:48]} 15. a4 {[%clk 1:15:59]}  Bh7 {[%clk 0:39:40]} 16. a5 {[%clk 1:15:07]}  O-O {[%clk 0:36:06]} 17. Bd3 {[%clk 1:14:01]}  b5 {[%clk 0:30:59]} 18. Bxh7+ {[%clk 1:11:35]}  Kxh7 {[%clk 0:31:27]} 19. g5 {[%clk 1:10:30]}  Kh8 {[%clk 0:30:55]} 20. Kf2 {[%clk 1:09:31]}  Rab8 {[%clk 0:30:12]} 21. Rab1 {[%clk 1:02:54]}  Rfe8 {[%clk 0:24:14]} 22. Rb2 {[%clk 0:54:39]}  Qa3 {[%clk 0:22:56]} 23. Ra2 {[%clk 0:47:22]}  Qd6 {[%clk 0:23:00]} 24. Qd3 {[%clk 0:42:52]}  Re7 {[%clk 0:22:24]} 25. Re2 {[%clk 0:39:32]}  Rbe8 {[%clk 0:19:59]} 26. gxh6 {[%clk 0:38:30]}  Qxh6 {[%clk 0:17:46]} 27. Qf5 {[%clk 0:35:19]}  Kg8 {[%clk 0:12:47]} 28. Qg5 {[%clk 0:33:29]}  Kh7 {[%clk 0:07:46]} 29. e4 {[%clk 0:28:55]}  dxe4 {[%clk 0:05:40]} 30. fxe4 {[%clk 0:28:08]}  Nf6 {[%clk 0:06:09]} 31. e5 {[%clk 0:19:35]}  Nd5 {[%clk 0:06:36]} 32. Qxh6+ {[%clk 0:18:15]}  Kxh6 {[%clk 0:06:35]} 33. Nd3 {[%clk 0:17:23]}  f6 {[%clk 0:02:58]} 34. Rc1 {[%clk 0:15:21]}  c5 {[%clk 0:01:47]} 35. c4 {[%clk 0:03:24]}  bxc4 {[%clk 0:02:15]} 36. Rxc4 {[%clk 0:03:42]}  cxd4 {[%clk 0:02:44]} 37. Rxd4 {[%clk 0:03:43]}  Nc7 {[%clk 0:02:56]} 38. Rd6 {[%clk 0:02:46]}  Kh7 {[%clk 0:02:42]} 39. Rb2 {[%clk 0:01:26]}  fxe5 {[%clk 0:02:19]} 40. Rb7 {[%clk 0:15:42]}  Ne6 {[%clk 0:15:37]} 41. Rxe7 {[%clk 0:09:33]}  Rxe7 {[%clk 0:16:02]} 42. Ke3 {[%clk 0:05:39]}  Nd4 {[%clk 0:11:27]} 43. Ke4 {[%clk 0:05:36]}  Nb3 {[%clk 0:11:22]} 44. Rd5 {[%clk 0:02:01]}  Nd2+ {[%clk 0:11:34]} 45. Ke3 {[%clk 0:01:44]}  Nc4+ {[%clk 0:12:01]} 46. Ke4 {[%clk 0:01:46]}  Nd2+ {[%clk 0:12:28]} 47. Ke3 {[%clk 0:02:12]}  Nc4+ {[%clk 0:12:54]} 48. Ke4 {[%clk 0:02:10]} 1/2-1/2

[Event "Open"]
[Site "Tallinn, EE"]
[Date "2024.12.12"]
[Round "1.1"]
[White "Rychagov, Nikita"]
[Black "Vorobjov, Pavel"]
[Result "1-0"]
[Board "7"]
[WhiteFideId "4508394"]
[BlackFideId "4500989"]
[WhiteTitle "CM"]
[WhiteElo "2240"]
[BlackElo "2231"]
[WhiteTeam "EST"]
[BlackTeam "EST"]
[WhiteClock "0:16:04"]
[BlackClock "0:14:26"]
[Variant "Standard"]

1. e4 {[%clk 1:30:58]}  c5 {[%clk 1:30:54]} 2. Nf3 {[%clk 1:31:05]}  d6 {[%clk 1:30:55]} 3. d4 {[%clk 1:31:31]}  cxd4 {[%clk 1:31:07]} 4. Nxd4 {[%clk 1:31:57]}  Nf6 {[%clk 1:31:09]} 5. Nc3 {[%clk 1:32:20]}  a6 {[%clk 1:31:01]} 6. Be3 {[%clk 1:32:33]}  e5 {[%clk 1:30:26]} 7. Nb3 {[%clk 1:32:56]}  Be6 {[%clk 1:29:29]} 8. f3 {[%clk 1:33:21]}  h5 {[%clk 1:28:06]} 9. Nd5 {[%clk 1:33:32]}  Nbd7 {[%clk 1:25:08]} 10. c4 {[%clk 1:27:31]}  h4 {[%clk 1:24:45]} 11. Be2 {[%clk 1:23:53]}  a5 {[%clk 1:21:52]} 12. O-O {[%clk 1:21:12]}  Nh5 {[%clk 1:14:27]} 13. Re1 {[%clk 1:12:54]}  g5 {[%clk 1:13:29]} 14. c5 {[%clk 1:00:35]}  a4 {[%clk 1:09:56]} 15. cxd6 {[%clk 1:00:35]}  Bxd5 {[%clk 1:08:35]} 16. Qxd5 {[%clk 0:59:48]}  axb3 {[%clk 1:06:51]} 17. Bc4 {[%clk 0:59:35]}  Rh7 {[%clk 1:00:42]} 18. axb3 {[%clk 0:59:22]}  Nf4 {[%clk 0:59:29]} 19. Bxf4 {[%clk 0:53:03]}  Rxa1 {[%clk 0:53:38]} 20. Rxa1 {[%clk 0:53:25]}  gxf4 {[%clk 0:53:57]} 21. Kh1 {[%clk 0:44:26]}  Qb8 {[%clk 0:44:57]} 22. Rd1 {[%clk 0:44:23]}  Kd8 {[%clk 0:27:35]} 23. Qa5+ {[%clk 0:41:31]}  Ke8 {[%clk 0:22:44]} 24. Qd5 {[%clk 0:41:54]}  Kd8 {[%clk 0:23:08]} 25. Qa5+ {[%clk 0:42:22]}  Ke8 {[%clk 0:22:43]} 26. Qc7 {[%clk 0:26:59]}  Qd8 {[%clk 0:14:18]} 27. Bb5 {[%clk 0:27:03]}  f5 {[%clk 0:13:36]} 28. Ra1 {[%clk 0:24:51]}  Be7 {[%clk 0:11:08]} 29. Qc4 {[%clk 0:21:01]}  Kf8 {[%clk 0:05:59]} 30. dxe7+ {[%clk 0:21:19]}  Rxe7 {[%clk 0:06:23]} 31. Rd1 {[%clk 0:20:17]}  fxe4 {[%clk 0:06:36]} 32. Qxe4 {[%clk 0:17:37]}  Qa5 {[%clk 0:05:23]} 33. Qxb7 {[%clk 0:16:23]}  Nb6 {[%clk 0:04:15]} 34. Qc6 {[%clk 0:15:51]}  Kg7 {[%clk 0:04:20]} 35. b4 {[%clk 0:13:51]}  Qa7 {[%clk 0:03:42]} 36. Bd3 {[%clk 0:13:57]}  Qc7 {[%clk 0:03:12]} 37. Qg6+ {[%clk 0:14:12]}  Kf8 {[%clk 0:03:29]} 38. Qh6+ {[%clk 0:14:16]}  Rg7 {[%clk 0:03:32]} 39. Qxh4 {[%clk 0:10:22]}  Nd5 {[%clk 0:04:00]} 40. Be4 {[%clk 0:25:19]}  Ne7 {[%clk 0:15:59]} 41. Ra1 {[%clk 0:22:47]}  Qd6 {[%clk 0:15:17]} 42. Qh5 {[%clk 0:18:27]}  Nc6 {[%clk 0:14:26]} 43. Bxc6 {[%clk 0:16:04]} 1-0